| 000 | 00697nam a2200193 ar4500 | ||
|---|---|---|---|
| 001 | 4186 | ||
| 005 | 20221127090904.0 | ||
| 008 | 150329 xxka 00110 eng d | ||
| 082 | 0 | 4 |
_a020.71 _bB291 1964 |
| 245 | 0 | 0 |
_aBases of modern librarianship : _ba study of library theory and practice ... / _cedited by Carl White. |
| 260 |
_aOxford : _bPergamon Press, _c1964. |
||
| 300 |
_ax, 126 p., [52] p. of plates : _bill. ; _c23 cm. |
||
| 440 | 0 |
_aInternational series of monographs on library and informstion science ; _v1. |
|
| 500 | _aIncludes index. | ||
| 650 | 4 |
_aLibraries _xHistory. |
|
| 650 | 4 |
_aLibrary science _xStudy and teaching. |
|
| 650 | 4 | _aLibrarians. | |
| 700 | 0 |
_aWhite, Carl M., _eeditor. |
|
| 999 |
_c4184 _d4184 |
||